000 00670nam a2200241Ia 4500
003 OSt
005 20221005124552.0
006 a|||||r|||| 00| 0
007 ta
008 221004b |||||||| |||| 00| 0 eng d
024 _a59427
037 _cTextual
040 _aCRL
_cCRL
_beng
041 _2eng
_aeng
082 _aO111,3NCE,1, 33K6
100 _aCernosek Violette Au.
_9635442
245 0 _aNambi nadedare bhayavilla
260 _c1966
650 _aENGLISH LITERATURE
700 _a Banashankaramma Tr.
_9635443
942 _hO111,3NCE,1, 33K6
_cTEXL
_2cc
999 _c1050881
_d1050881